[Event "WWRR Tienkampen 2020"]
[Site "Wachtebeke"]
[Date "2020.02.24"]
[Round "5.2"]
[White "Van Foreest, Machteld"]
[Black "Bishoen, Bob"]
[Result "1-0"]
[WhiteElo "2075"]
[BlackElo "1965"]
[Annotator "TA"]
[PlyCount "137"]
[EventDate "2020.02.22"]
[EventType "swiss"]
[EventCountry "BEL"]
[SourceTitle "playchess.com"]
[Source "ChessBase"]
[SourceQuality "1"]

{[%evp 10,137,49,40,45,33,48,33,44,38,56,52,42,45,77,71,64,58,68,43,49,33,36,17,25,22,25,2,0,13,7,0,0,0,19,19,19,19,20,22,29,25,94,88,68,70,158,174,214,230,230,223,241,233,236,230,346,338,313,160,142,127,116,110,133,106,109,102,106,78,91,98,181,176,196,197,173,81,81,75,81,81,237,238,293,286,438,430,420,407,373,357,406,416,416,335,335,316,718,695,914,888,29978,29979,29979,29980,29980,29979,29984,29985,29983,29984,29984,29985,29984,29985,29985,29986,29987,29987,29987,29988,29988,29989,29989,29990,29990,29991,29991,352]} 1. e4 g6 2. d4 Bg7 3. Nf3 d6 4. Bc4 e6 5. Bb3 Ne7 6. O-O O-O {B06: Modern Defence.} 7. Re1 Nbc6 8. c3 e5 {White is slightly better.} 9. h3 h6 10. Be3 {[#]} Kh7 $146 ({Predecessor:} 10... Na5 11. Nbd2 Nxb3 12. Qxb3 b6 13. Rad1 Be6 14. Qa3 f6 15. Nf1 Qc8 16. Bc1 Rf7 {½-½ (30) Bogorad,M (2092)-Fiedler,W (1994) Templin 2018}) 11. dxe5 Nxe5 12. Nxe5 Bxe5 13. f4 Bg7 14. Bd4 Nc6 15. Bxg7 Kxg7 16. Nd2 Qh4 17. Qf3 g5 18. Rf1 Qxf4 19. Qxf4 gxf4 20. Rxf4 Ne5 21. Nc4 Nd3 22. Rf3 Nc5 23. Bc2 Be6 24. Ne3 Nd7 25. Raf1 $36 {[%mdl 2048] White has good play.} f6 (25... a6 $11 {keeps the balance.}) 26. Bb3 Bxb3 27. axb3 Nc5 (27... Rae8 $14) 28. Nd5 $16 Nxe4 29. Nxc7 Nd2 30. Rg3+ ({Not} 30. Nxa8 Nxf3+ 31. Rxf3 (31. gxf3 Rxa8 32. Rd1 Rd8 $14) 31... Rxa8 $14) 30... Kf7 31. Rf4 ({Weaker is} 31. Nxa8 Nxf1 32. Kxf1 Rxa8 $14) 31... Rac8 32. Nd5 Ke6 (32... f5 {was necessary.} 33. Rxf5+ Ke6) 33. c4 $18 f5 34. Rg7 (34. Re3+ $18 Kd7 35. Re7+ Kc6 36. Rh7) 34... Rf7 $16 35. Rxf7 {[%mdl 64] Overworked Piece} Kxf7 36. Rxf5+ {[%mdl 4096] Endgame KRN-KRN} Ke6 37. Rh5 Nxb3 38. Rxh6+ Ke5 39. Rh4 Nd2 40. Ne3 Rc7 {[#]} (40... Rf8 $16 {might work better.}) 41. Kf2 $1 $18 Ne4+ 42. Ke2 Rf7 {intending ...Rf2+.} 43. Nd5 (43. Rh5+ $18 {is more deadly.} Ke6 44. Rh8) 43... b5 $16 44. Ke3 Ng3 {Strongly threatening ...Nf5+.} 45. Kd3 Rg7 $2 {Black cannot hold the game after this.} (45... Rf2 $16) 46. Ne3 $18 b4 47. Rh8 Re7 (47... Ke6 $142 48. Nd5 a5 49. Re8+ Kd7) 48. Nd5 Rg7 49. Re8+ Kf5 50. Re3 a5 51. b3 Nh1 52. g4+ Kg5 53. Rf3 Kh4 $2 (53... Ra7 54. Kd4 a4 55. bxa4 Rxa4 56. Rf5+ Kh4 57. Rh5+ Kg3) 54. Ne3 {Hoping for Nf5+.} Ng3 {[#]} 55. Rxg3 $1 {[%mdl 576] And now Nf5+ would win. Remove Defender} Kxg3 56. Nf5+ {[%mdl 64] Double Attack. White mates.} Kxh3 57. Nxg7 Kxg4 {KN-K3P} 58. Ne8 d5 59. cxd5 {KN-KPP} Kf5 60. Kc4 Ke5 61. Nc7 Kd6 62. Nb5+ Kd7 63. Kc5 Kd8 64. Kc6 a4 65. bxa4 b3 66. Nc3 b2 67. d6 Kc8 68. d7+ Kd8 69. Nb1 {Accuracy: White = 83%, Black = 61%.} 1-0

[Event "WWRR Tienkampen 2020"]
[Site "Wachtebeke"]
[Date "2020.02.24"]
[Round "5.3"]
[White "Barzeele, Raf"]
[Black "Soubirou, Oriane"]
[Result "0-1"]
[WhiteElo "1954"]
[BlackElo "2142"]
[Annotator "TA"]
[PlyCount "92"]
[EventDate "2020.02.22"]
[EventType "swiss"]
[EventCountry "BEL"]
[SourceTitle "playchess.com"]
[Source "ChessBase"]
[SourceQuality "1"]

{[%evp 9,91,-26,-19,-45,-3,7,32,21,29,29,60,54,60,54,55,41,52,56,60,54,57,54,62,21,79,91,108,48,55,8,20,-46,-50,-46,-54,-60,-45,-125,-120,-119,-117,-192,-202,-193,-188,-191,-185,-216,-183,-172,-111,-146,-166,-170,-130,-138,-104,-202,-202,-233,-216,-377,-394,-395,-393,-377,-256,-492,-503,-518,-334,-534,-523,-523,-529,-883,-404,-414,-396,-394,-403,-1019,-1011,-29999]} 1. c4 e5 2. g3 h5 3. Bg2 h4 4. Nc3 Nc6 5. d3 Bc5 6. Ne4 {A20: English Opening: 1...e5.} Be7 {[#]} 7. g4 $146 ({Predecessor:} 7. Nh3 d6 8. a3 a5 9. Neg5 Nd4 10. Bd5 Nh6 11. Bg2 a4 12. f4 Bg4 13. Nf3 {0-1 (51) Berntgen,H (1658)-Wagner,H (2093) Zirndorf 2013}) 7... d6 8. h3 {White is slightly better.} Be6 9. Nf3 f6 10. Bd2 d5 11. cxd5 Bxd5 12. Nc3 Be6 13. Qa4 Qd7 14. O-O Bc5 15. Ne4 Bb6 16. Rac1 Nb8 (16... Nge7 $11) 17. Qxd7+ $16 Nxd7 18. a3 ({White should try} 18. a4 $16 {Threatens to win with a5.} a5 19. Be3) 18... Ne7 $14 19. Bb4 Nd5 20. Bc5 (20. e3 $11) 20... Nf4 $15 21. Rfe1 Nxc5 22. Nxc5 Bd5 23. Na4 (23. Ne4 $15) 23... c6 24. Nxb6 axb6 25. Rc3 (25. Kh2 $17) 25... Bxf3 $1 $19 {[%mdl 64] Overworked Piece} 26. Bxf3 Nxh3+ 27. Kh2 {[#]} Ng5 $1 ({And not} 27... Nxf2 28. Kg2 $11) 28. Bh1 Ke7 29. e3 Ra5 ({Better is} 29... Kd6 $19 30. f4 exf4 31. exf4 Ne6) 30. Rb3 b5 31. f4 Nf7 32. d4 Ra4 33. d5 {[#]} (33. dxe5 $17 {was called for.} fxe5 34. Rd3) 33... Rc4 $1 34. Rd3 c5 35. b3 $2 (35. d6+ {was worth a try.} Nxd6 36. Re2) 35... Rc2+ 36. Kh3 Kd6 37. Be4 Rh6 38. Ra1 $2 (38. Bf5) 38... c4 39. bxc4 Rxc4 40. Bh1 (40. Bf5 {is a better defense.} exf4 41. exf4 Rxf4 42. Ra2) 40... exf4 41. exf4 Rxf4 42. Rb1 Ng5+ (42... Rf2 $142 {[%cal Rf7g5]} 43. Bg2 Ng5+ 44. Kh2 h3 {[%mdl 64] Pin}) 43. Kh2 b4 44. Rdb3 Rh8 45. Rxb4 (45. R1b2 $142 Rc8 46. Rxb4 Rxb4 47. Rxb4) 45... Rf2+ 46. Kg1 Nh3# {Accuracy: White = 42%, Black = 63%.} 0-1

[Event "WWRR Tienkampen 2020"]
[Site "Wachtebeke"]
[Date "2020.02.24"]
[Round "5.4"]
[White "Hamblok, Roel"]
[Black "Achtergaele, Koen"]
[Result "1/2-1/2"]
[WhiteElo "2238"]
[BlackElo "2071"]
[Annotator "TA"]
[PlyCount "95"]
[EventDate "2020.02.22"]
[EventType "swiss"]
[EventCountry "BEL"]
[SourceTitle "playchess.com"]
[Source "ChessBase"]
[SourceQuality "1"]

{[%evp 23,95,9,20,25,18,27,18,10,10,10,10,12,12,12,12,9,6,9,17,5,95,96,98,73,72,49,51,50,59,69,54,77,76,64,64,64,66,38,92,71,71,0,0,-21,-23,-25,0,-8,-8,-8,-8,-23,0,0,0,0,0,0,0,0,0,0,0,0,0,0,0,0,0,0,0,0,0,0]} 1. d4 d5 2. Nf3 Nf6 3. g3 e6 4. Bg2 Be7 5. O-O O-O 6. c4 dxc4 7. Qc2 a6 8. a4 Bd7 9. Qxc4 Bc6 10. Bg5 Bd5 11. Qc2 Be4 12. Qc1 $1 {12.Qc1 is better than 12.Qd1.} h6 13. Bxf6 {E05: Open Catalan: 5 Nf3 Be7.} Bxf6 14. Rd1 a5 15. Nc3 {[%cal Bb1c3,Bc3e4,Be4d2,Bd2c4][%mdl 32]} Bxf3 16. Bxf3 c6 17. e3 Na6 18. Ne4 Be7 19. Nd2 {[#]} Qc7 $146 ({Predecessor:} 19... Nb4 20. Qc4 Qc7 21. Rac1 Rfd8 22. Qb3 Re8 23. Be4 Red8 24. Kg2 Rac8 25. Nc4 Bf6 {½-½ (37) Gmuer,A (2406)-Korosec,S (2354) ICCF email 2008}) 20. Nc4 Rfd8 21. Qb1 c5 (21... Bf6 $11) 22. d5 $16 exd5 23. Bxd5 Nb4 24. Qe4 Rab8 25. Rd2 Nxd5 26. Rxd5 Rxd5 27. Qxd5 b5 28. axb5 Rxb5 29. Qa8+ Bd8 30. Qe4 {[#] Threatens to win with Qe8+.} Rb4 (30... Qd7 $14) 31. Qe8+ Kh7 32. Rd1 ({White should play} 32. Nxa5 $16 {Strongly threatening Nc6.} Bf6 33. Nc6 Rxb2 34. Qe4+ (34. Ra8 Qd6 $11) 34... g6 35. Qd5) 32... Rxc4 $11 33. Qxd8 (33. Rxd8 {with more complications.} Qb7 34. Qg8+ Kg6 35. Rd6+ Kh5 36. Rd1) 33... Qxd8 34. Rxd8 {[%mdl 4096] Endgame KR-KR} Rc2 35. Rb8 a4 36. Rb6 Rc4 37. Rc6 Rb4 38. Rxc5 {The position is equal.} Rxb2 39. Ra5 Ra2 40. h4 g6 41. Kg2 h5 42. Ra7 Kg7 43. Ra6 a3 44. Kf3 Ra1 45. Kg2 Kf8 46. Ra7 Ke8 47. Kf3 Kf8 48. Kg2 {Accuracy: White = 92%, Black = 87%.} 1/2-1/2

[Event "WWRR Tienkampen 2020"]
[Site "Wachtebeke"]
[Date "2020.02.25"]
[Round "6.1"]
[White "Roels, Frederik"]
[Black "Vandendriessche, Jan"]
[Result "1-0"]
[WhiteElo "1935"]
[BlackElo "2067"]
[Annotator "TA"]
[PlyCount "105"]
[EventDate "2020.02.22"]
[EventType "swiss"]
[EventCountry "BEL"]
[SourceTitle "playchess.com"]
[Source "ChessBase"]
[SourceQuality "1"]

{[%evp 16,105,31,29,34,22,27,10,29,2,22,-9,0,-17,21,-2,0,-11,-13,-14,-8,-23,0,-134,-131,-141,-117,-210,-71,-102,-60,-66,-52,-91,-9,-18,220,-84,0,0,0,0,0,-16,176,0,8,16,0,-31,65,78,69,50,458,475,456,430,810,573,5736,5728,1238,604,1021,1023,954,852,729,716,695,692,4409,4210,1204,1029,3074,5022,1914,1900,1183,1119,5859,5219,29970,29967,29978,29979,29983,29984,29984,29981]} 1. d4 g6 2. c4 Bg7 3. Nc3 d6 4. e4 Nf6 5. f3 O-O 6. Bd3 Nc6 7. Nge2 e5 8. d5 Nd4 9. Be3 Nd7 {E83: King's Indian: Sämisch Panno (6...Nc6): Lines without either Nge2 or Qd2.} 10. Qd2 c5 {[#]} 11. Bg5 $146 ({Predecessor:} 11. dxc6 bxc6 12. O-O Rb8 13. Rad1 Nc5 14. Bb1 Nce6 15. b3 f5 16. f4 Rb7 17. exf5 gxf5 18. fxe5 dxe5 {0-1 (34) Abdul,K (2010)-Tiwari,A (2179) New Delhi 2015}) 11... Bf6 {The position is equal.} 12. h4 a6 13. Nd1 b5 14. Nf2 h5 15. Nxd4 {Strongly threatening Nc6.} exd4 16. f4 bxc4 17. Bxc4 Nb6 18. Be2 Re8 19. Qd1 (19. O-O $11 {remains equal.}) 19... Kg7 $17 20. a4 a5 21. Kf1 {[#]} (21. Qd2 $17) 21... c4 (21... Be7 $1 $19 {has better winning chances. Hoping for ...f6.} 22. Bxe7 Rxe7) 22. g4 d3 23. Bf3 hxg4 24. Bxg4 Bxg5 (24... Rh8 $17 25. Bxc8 Rxc8) 25. hxg5 $11 f6 $2 (25... Rh8 $1 $11) 26. f5 $2 (26. Qd2 $18) 26... Rh8 (26... fxg5 $17 27. Qf3 Qf6) 27. Qf3 {aiming for fxg6.} Rxh1+ $1 28. Qxh1 fxg5 29. fxg6 Kxg6 $2 {[#]} (29... Qh8 $11 {and Black has nothing to worry.} 30. Qf3 Qe8) 30. Bf5+ $2 (30. Qh5+ $1 $18 Kg7 31. Kg2) 30... Bxf5 31. exf5+ Kg7 $1 {And now ...Qf6 would win.} 32. Qe4 Qe8 (32... Qf6 33. Ng4 $18) (32... Nd7 $15 33. Ng4 Qf8) 33. Qd4+ $14 {[%mdl 64] Double Attack} Qe5 34. Qxb6 {Black must now prevent Qb7+.} Qe2+ $2 {[%mdl 8192]} ({Black should play} 34... Rf8 $1 $14 35. Re1 Qxd5) 35. Kg2 $18 ({Weaker is} 35. Kg1 Rf8 $18) 35... Rf8 36. Qd4+ Rf6 (36... Qe5 $142 37. Qxc4 Rxf5) 37. Rc1 g4 38. Rxc4 {White threatens Rc7+ and mate.} Qf3+ 39. Kf1 {Threatening mate with Rc7+.} g3 40. Qg4+ Qxg4 41. Rxg4+ {[%mdl 4096] Endgame KRN-KR} Kf7 42. Rxg3 Rxf5 43. Rxd3 Rf4 44. b3 Kf6 45. Ke2 Ke5 46. Nd1 Rh4 47. Kd2 Rh2+ 48. Kc3 Rh4 49. Nb2 Rh1 50. Nc4+ {[%mdl 64] Double Attack. White mates.} Ke4 51. Nxd6+ Ke5 52. Nc4+ {[%mdl 64] Double Attack} Ke4 53. Rd4+ {Quite a comeback for White. Accuracy: White = 54%, Black = 43%.} 1-0

[Event "WWRR Tienkampen 2020"]
[Site "Wachtebeke"]
[Date "2020.02.25"]
[Round "6.3"]
[White "Soubirou, Oriane"]
[Black "Hamblok, Roel"]
[Result "0-1"]
[WhiteElo "2142"]
[BlackElo "2238"]
[Annotator "TA"]
[PlyCount "108"]
[EventDate "2020.02.22"]
[EventType "swiss"]
[EventCountry "BEL"]
[SourceTitle "playchess.com"]
[Source "ChessBase"]
[SourceQuality "1"]

{[%evp 18,108,0,3,22,-12,0,-8,-13,-39,-19,-63,-32,-88,-79,-88,-78,-90,-72,-79,-50,-78,52,41,53,56,174,128,135,77,106,97,402,311,270,255,268,266,413,139,106,27,39,0,137,0,0,0,0,-136,-125,-151,-100,-88,-91,-90,-88,-91,-91,-127,-20,-19,-22,-249,-246,-251,-228,-264,-252,-366,-366,-443,-436,-464,-447,-566,-532,-574,-427,-795,-796,-29981,-29982,-29979,-29974,-29983,-29984,-29984,-29985,-29988,-29990,-29995,-29996]} 1. d4 Nf6 2. Nf3 d5 3. c4 e6 4. Nc3 Bb4 5. e3 O-O 6. Qc2 b6 7. Bd3 Bb7 8. Bd2 Nbd7 9. cxd5 exd5 10. O-O a6 {E52: Nimzo-Indian: Rubinstein: 4...0-0 5 Nf3 d5 6 Bd3 b6.} 11. Rac1 Re8 12. Ne2 Bd6 {The position is equal.} 13. Ng3 g6 {[#]} 14. a3 $146 ({Predecessor:} 14. Bc3 Qe7 15. b3 h5 16. Ne5 h4 17. Ne2 Rac8 18. f4 Ne4 19. Be1 c5 20. Qd1 {1-0 (26) Klekowski,M (2498)-Goessler,M (2209) Katowice 2017}) 14... Rc8 15. Bb4 ({White should try} 15. b4 $15) 15... c5 $17 16. dxc5 bxc5 17. Bd2 Ne4 18. Rfd1 Qe7 19. Be1 h5 (19... Ng5 $17 20. Nxg5 Qxg5) 20. Nxe4 $14 dxe4 21. Bc4 Nf6 (21... Nb6 $14 22. Nd2 Nxc4 23. Nxc4 Bc7) 22. Bc3 Rcd8 23. g3 (23. Ng5 $142 Bxh2+ 24. Kh1) 23... Nh7 24. Nh4 {Black must now prevent Nxg6.} Ng5 $2 {[%mdl 8192]} (24... Nf8 $16) 25. Nxg6 Nf3+ 26. Kh1 Qg5 27. Nh8 Re6 (27... Kh7 $142) 28. Nxf7 $2 (28. Qb3 $1 $18 {and the rest is easy.} Bc8 29. Qb6) 28... Kxf7 $16 {[#]} 29. Ba5 ({But not} 29. Bxe6+ $6 Kxe6 30. Qb3+ Bd5 $11) ({White should play} 29. Qb3 $1 $16 {[%cal Rb3b7]} Bc8 30. Qb6) 29... Rd7 $11 30. Qb3 Qf5 (30... Qe7 $11 {keeps the balance.}) 31. Bxe6+ (31. Rxd6 $1 $16 Rdxd6 32. Qxb7+ Kg6 33. Bc3) 31... Qxe6 32. Qxe6+ Kxe6 33. Kg2 (33. b4 $1 $11) 33... Bd5 34. b4 {[#]} Bb3 (34... c4 $142 $1 35. h4 Be5) 35. bxc5 $17 Bxd1 36. c6 Rf7 {And now ...Be2 would win.} 37. Rxd1 Bc7 38. Bc3 Rf5 ({Better is} 38... h4 $17 {Threatening ...h3+!} 39. Rb1 Kd5 {[%mdl 64] Decoy}) 39. Rd7 $11 Rc5 40. Bb4 $2 (40. Rxc7 $11 Rxc3 41. Rh7) 40... Rxc6 $19 41. Rh7 {[#]} h4 $1 42. gxh4 {Now Rh6+ and White clings on.} Kf5 ({Weaker is} 42... Bxh2 43. Rh6+ Kd7 44. Rh7+ Kc8 45. Rh8+ Kb7 46. h5 $17) (42... Nxh2 43. Rxc7 Rxc7 44. Kxh2 $17) 43. Rf7+ (43. Kh3 $142) 43... Kg4 44. h3+ Kxh4 45. Re7 Be5 {( -> ...Rc1)} 46. Rh7+ Kg5 {...Rc1 is the strong threat.} 47. h4+ Nxh4+ 48. Kh3 (48. Kf1 $142) 48... Nf3 49. Rb7 Rc2 {Black mates.} 50. Kg2 Kg4 51. Rb6 Nh4+ 52. Kf1 Kf3 53. Be1 {[#]} Rc1 $1 54. Rh6 Bc3 {Never resign too early! Accuracy: White = 38%, Black = 57%.} 0-1

[Event "WWRR Tienkampen 2020"]
[Site "Wachtebeke"]
[Date "2020.02.25"]
[Round "6.4"]
[White "Bishoen, Bob"]
[Black "Barzeele, Raf"]
[Result "1-0"]
[WhiteElo "1965"]
[BlackElo "1954"]
[Annotator "TA"]
[PlyCount "81"]
[EventDate "2020.02.22"]
[EventType "swiss"]
[EventCountry "BEL"]
[SourceTitle "playchess.com"]
[Source "ChessBase"]
[SourceQuality "1"]

{[%evp 21,81,30,43,43,47,39,76,63,143,165,162,154,205,204,213,212,208,204,202,163,161,177,154,155,152,143,134,140,143,137,166,160,353,356,297,149,229,222,286,277,258,0,287,277,260,215,402,374,375,0,387,280,331,320,310,297,443,225,401,272,687,646]} 1. Nf3 Nf6 2. c4 g6 3. b3 Bg7 4. Bb2 O-O 5. g3 c5 6. Bg2 Nc6 7. d4 cxd4 8. Nxd4 a6 9. O-O Qc7 10. Nc3 d6 11. h3 Bd7 12. Nc2 {A39: Symmetrical English vs ...g6: 4 Bg2 Bg7 5 Nf3 Nf6 6 0-0 0-0 7 d4.} Rac8 {[#]} 13. Ne3 $146 ({Predecessor:} 13. Rc1 Qb8 14. Nd5 Nxd5 15. Bxg7 Kxg7 16. cxd5 Na7 17. Qd2 Rc7 18. Ne3 Rfc8 19. Rc4 Rxc4 20. bxc4 {½-½ (36) Stantic,S (2125)-Miletic,D Nova Gorica 2001}) 13... Qb8 14. Qd2 {White is better.} Bh6 ({Better is} 14... Be6 $14) 15. Ncd5 $16 Nxd5 16. cxd5 (16. Qxd5 Bxe3 17. fxe3 Be6 $11) 16... Na7 {[#]} (16... Nd8 $16 {was called for.} 17. Nf5 gxf5 18. Qxh6 f6) 17. Nf5 $1 $18 {[%cal Rf5h6][%mdl 512]} Bxf5 18. Qxh6 {[%csl Gb2][%cal Rh6g7]} f6 19. g4 $40 {[%mdl 128] Black is in trouble.} Bd7 20. Be4 {Black must now prevent Bxg6!} Rf7 21. Rac1 Rxc1 22. Rxc1 Nb5 23. a4 Nc7 24. Bd4 b5 25. a5 Ne8 26. b4 f5 $2 {[#]} (26... Bc8 $16 27. Qe3 Kf8) 27. gxf5 Bxf5 28. Bf3 (28. Bxf5 $18 {Be6! would kill now.} Rxf5 29. Qe3) 28... Nf6 (28... Bd7 $16 {keeps fighting.} 29. Bg2 Nf6) 29. Rc6 Bc8 {intending ...Bb7.} 30. Qc1 Bb7 31. Rc7 $2 ({Resist} 31. Rb6 $6 Nd7 $16) (31. Rc2 $18) 31... Ne8 $2 {[%mdl 8192]} (31... e5 $11 32. Bb6 Rxc7 33. Bxc7 Qc8) 32. Rc3 Nf6 33. e4 h5 $2 (33... Qf8) 34. Qh6 Rh7 35. Qc1 Rf7 $1 36. Kh2 Kh7 37. Bg2 Qe8 38. f4 Qb8 (38... e5 $142) 39. Kg3 (39. f5 $142 {fxg6+ is the strong threat.} gxf5 40. Qg5 (40. exf5 Rg7 $16)) 39... Ne8 $2 (39... Qh8) 40. h4 e5 $2 (40... Nf6 41. Rc7 Kg8) 41. dxe6 {Accuracy: White = 70%, Black = 39%.} 1-0

[Event "WWRR Tienkampen 2020"]
[Site "Wachtebeke"]
[Date "2020.02.25"]
[Round "6.5"]
[White "Verduyn, Frederic"]
[Black "Van Foreest, Machteld"]
[Result "1/2-1/2"]
[WhiteElo "2096"]
[BlackElo "2075"]
[Annotator "TA"]
[PlyCount "31"]
[EventDate "2020.02.22"]
[EventType "swiss"]
[EventCountry "BEL"]
[SourceTitle "playchess.com"]
[Source "ChessBase"]
[SourceQuality "1"]

{[%evp 9,31,-21,-21,-22,-20,-23,5,5,9,0,52,14,24,-22,48,7,29,21,17,18,30,24,26,22]} 1. e4 e5 2. Bc4 Nc6 3. Nc3 Bc5 4. d3 Na5 5. Nf3 Nxc4 6. dxc4 {C25: Vienna Game: Alternatives to 2...Nf6.} d6 7. Qd3 {[#]} a6 $146 (7... Ne7 {keeps more tension.} 8. a3 a5 9. Rb1 O-O 10. O-O Nc6) ({Predecessor:} 7... Nf6 8. Be3 Bb4 9. Nd2 Ng4 10. h3 Nxe3 11. Qxe3 O-O 12. Nd5 Bc5 13. Qg3 c6 14. Ne3 Be6 15. O-O Qf6 16. Ng4 Qg6 17. Kh2 f5 {0-1 (17) Eklund,J (2091)-Anand,A (2134) ICCF email 2015}) 8. Be3 {The position is equal.} Bxe3 9. Qxe3 Nf6 (9... b6 $11) 10. O-O-O Qe7 11. h3 Bd7 ({Black should try} 11... b5 $11) 12. g4 {next g5 is good for White.} (12. c5 $5) 12... h6 13. Rhg1 Bc6 14. Nd5 Bxd5 15. cxd5 g6 16. Kb1 {Not much happened in this game. Accuracy: White = 54%, Black = 63%.} 1/2-1/2

[Event "WWRR Tienkampen 2020"]
[Site "Wachtebeke"]
[Date "2020.02.26"]
[Round "7.1"]
[White "Van Foreest, Machteld"]
[Black "Roels, Frederik"]
[Result "1-0"]
[WhiteElo "2075"]
[BlackElo "1935"]
[Annotator "TA"]
[PlyCount "103"]
[EventDate "2020.02.22"]
[EventType "swiss"]
[EventCountry "BEL"]
[SourceTitle "playchess.com"]
[Source "ChessBase"]
[SourceQuality "1"]

{[%evp 10,103,27,20,29,16,22,23,29,0,24,12,7,8,8,-7,34,34,29,29,32,25,52,51,79,13,71,76,89,64,121,125,241,250,294,176,171,177,185,153,163,146,295,295,283,152,189,189,189,189,200,190,214,210,206,150,277,57,66,0,0,0,13,11,22,0,0,0,0,-53,8,-22,0,-67,-63,-144,0,0,193,189,256,254,761,755,733,718,693,581,29975,29976,29973,690,29997,29998,29998,29993]} 1. e4 c5 2. Nf3 d6 3. Bb5+ Nd7 4. c3 a6 5. Ba4 b5 6. Bc2 e5 {B51: Sicilian: Moscow Variation (3 Bb5+) without 3...Bd7.} 7. O-O Ngf6 8. Re1 Be7 {White has an edge.} 9. d3 Qc7 10. Nbd2 {[%cal Bb1d2,Bd2f1,Bf1e3][%mdl 32]} Bb7 11. Nf1 O-O {[#]} 12. Bg5 $146 ({Predecessor:} 12. Ng3 Rfc8 13. a4 Bf8 14. axb5 axb5 15. Rxa8 Bxa8 16. d4 cxd4 17. cxd4 h6 {½-½ (17) Wehner,J (2164)-Schneider,C (2205) Germany 2018}) 12... a5 13. a4 b4 14. Ne3 Rfe8 15. Bb3 Nf8 16. Bc4 Bc8 17. Nh4 (17. cxb4 $16 axb4 18. Bb5) 17... h6 (17... Ne6 $1 $11 18. Bxf6 Bxf6) 18. Bxf6 $16 Bxf6 19. Nhf5 Kh7 (19... Bxf5 $14 20. Nxf5 Ne6) 20. Bb5 $36 {[%mdl 2048] Strongly threatening Nd5. Keeping Black busy.} Bd7 (20... Re6 $16 21. Nd5 Qd8) 21. Nd5 $18 Qd8 22. Bxd7 (22. Nxd6 $142 Bxb5 23. Nxf7 (23. Nxb5 Ne6 $18) (23. Nxe8 Bxe8 24. Qf3 Ne6 $17)) 22... Nxd7 23. Nxd6 {[%mdl 64] Double Attack} Rf8 24. Qf3 Ra6 25. Qf5+ g6 (25... Kg8 $16) 26. Qxd7 $1 Rxd6 27. Qxd8 (27. Qb5 $18) 27... Rfxd8 28. cxb4 cxb4 29. Rac1 Bg5 30. Rc5 Ra6 31. g3 h5 32. f4 Bf6 (32... exf4 $16 {was called for.} 33. gxf4 Bf6) 33. fxe5 $2 (33. Nxf6+ $18 Rxf6 34. fxe5 (34. Rxe5 Rxd3 35. Rxa5 Rd2 $16)) 33... Bxe5 $14 {And now ...Bd4+ would win.} 34. Kg2 (34. Rc2 $14) 34... Bxb2 $11 35. Rc7 Kg7 36. Rf1 Rf8 37. Rd7 Be5 38. Rb7 Bd4 39. Rd7 (39. Rc1 $11) 39... Be5 ({Black should play} 39... Ra7 $15 40. Nc7 Kh6 41. Rxd4 Rxc7) 40. Re7 Bd4 41. Nc7 ({White should try} 41. Rd7 $1 $11) 41... Rc6 $15 42. e5 {[#]} (42. Nb5 $1 $15 Rc2+ 43. Kf3) 42... Bxe5 (42... b3 $1 $17 {[%cal Rb3b2] ...b2 is the strong threat.} 43. Nb5 Rc2+ 44. Kh3 Bc5) 43. Ne8+ $11 {[#]} Kh6 $2 (43... Rxe8 $1 $11 {[%mdl 512]} 44. Rxe8 Bf6) 44. Rxe5 $18 Rc3 (44... f5 $142 45. Kf3 Rc3) 45. Nd6 Rxd3 $2 (45... f5 46. Rxa5 Rxd3) 46. Nxf7+ ({Less strong is} 46. Nc4 Rc8 $18) 46... Kg7 47. Re7 {Black must now prevent Ne5+.} Rd2+ 48. Kh3 Rb8 49. Ne5+ Kh6 50. Rff7 (50. g4 $142 hxg4+ 51. Nxg4+ Kh5 52. Nf6+ Kg5 53. Ne4+ {[%mdl 64] Double Attack} Kh6 54. Nxd2 Rh8 55. Rff7) 50... Ra2 51. Rh7+ Kg5 52. Ref7 {Accuracy: White = 58%, Black = 47%.} 1-0